Loading...
| Literature - European | 0 | 8 | 1 | 1 | 75 | 80 | 117.63 | 0 | 2 | 10.63 | 26.74 |
| Literature - British | 1 | 5 | 0 | 1 | 65 | 41 | 106.83 | 1 | 2 | 10.74 | 24.90 |
| Science - Other | 0 | 7 | 1 | 2 | 65 | 68 | 115.00 | 0 | 2 | 5.36 | 20.29 |
| Visual Arts | 2 | 4 | 2 | 2 | 60 | 17 | 99.83 | 1 | 2 | 12.45 | 17.98 |
| Literature - American | 1 | 5 | 1 | 3 | 60 | 52 | 115.67 | 1 | 1 | 8.84 | 16.59 |
| Fine Arts - Other Arts | 1 | 4 | 1 | 0 | 50 | 57 | 97.20 | 1 | 2 | 10.98 | 23.10 |
| Literature - World | 2 | 2 | 0 | 0 | 50 | 37 | 78.75 | 0 | 1 | 13.08 | 16.04 |
| Philosophy | 2 | 4 | 5 | 3 | 45 | 41 | 99.83 | 3 | 3 | 10.88 | 28.45 |
| Social Science | 0 | 4 | 0 | 1 | 40 | 80 | 101.00 | 1 | 1 | 3.42 | 9.77 |
| Science - Chemistry | 0 | 4 | 1 | 1 | 35 | 105 | 116.50 | 0 | 1 | 2.56 | 13.26 |
| Science - Physics | 0 | 3 | 0 | 2 | 30 | 122 | 127.00 | 0 | 0 | 0.54 | 11.83 |
| Other Academic | 1 | 2 | 1 | 0 | 30 | 72 | 109.67 | 0 | 1 | 8.73 | 34.44 |
| Science - Biology | 0 | 3 | 0 | 1 | 30 | 128 | 129.67 | 0 | 0 | 0.90 | 4.88 |
| History - European | 0 | 2 | 0 | 0 | 20 | 103 | 116.00 | 0 | 0 | 1.65 | 2.98 |
| History - World | 0 | 2 | 1 | 0 | 15 | 83 | 105.00 | 0 | 0 | 2.64 | 6.43 |
| Fine Arts - Classical Music and Opera | 0 | 2 | 2 | 1 | 10 | 94 | 111.00 | 0 | 0 | 2.22 | 3.90 |
| History - Ancient | 0 | 1 | 0 | 0 | 10 | 139 | 139.00 | 0 | 0 | 0.08 | 1.01 |
| History - American | 0 | 1 | 1 | 1 | 5 | 115 | 115.00 | 0 | 0 | 0.06 | 0.60 |
| Beliefs | 0 | 0 | 0 | 0 | 0 | 0.00 | 0 | 0 | 0.00 | 0.00 |